| 000 | 00469nam a2200193 a 4500 | ||
|---|---|---|---|
| 001 | BRCA_7148 | ||
| 005 | 20190320205729.0 | ||
| 008 | 110112s1904----enk#######---#000-0#eng-# | ||
| 041 | _aeng | ||
| 044 | _aenk | ||
| 050 | 4 |
_aPZ3 _b.H467Ca 1904 |
|
| 100 | 1 |
_aHenry, O. _d1862-1910 _917742 |
|
| 245 | 1 | 0 |
_aCabbages and kings _cby O. Henry. |
| 260 |
_aLondres _bHodder & Stoughton _cc1904 |
||
| 300 |
_a256 p. _c18 cm. |
||
| 500 | _aP38 | ||
| 902 | _aGFM | ||
| 942 |
_2lcc _cB |
||
| 999 |
_c6829 _d6829 |
||